Canciones de Soda Stereo - Estadísticas

Estadísticas generales
  • Esta prueba ha sido intentada 1.090 veces
  • La puntuación promedio es 51 de 81
Estadísticas de respuestas
Respuesta % Correcto
Nada personal
94%
Signos
92%
De música ligera
89%
Canción animal
88%
Persiana americana
87%
Tratame suavemente
86%
En la ciudad de la furia
85%
Cuando pase el temblor
83%
Entre caníbales
81%
Prófugos
81%
Sobredosis de TV
81%
Te hacen falta vitaminas
81%
Té para tres
81%
Ella usó mi cabeza como un revólver
76%
Mi novia tiene bíceps
76%
Lo que sangra (La cúpula)
75%
¿Por qué no puedo ser del Jet-Set?
75%
Tele-Ka
74%
Un misil en mi placard
74%
(En) El séptimo día
73%
Hombre al agua
72%
Zoom
72%
Corazón delator
71%
El rito
71%
Languis
71%
1990
70%
Dietético
69%
Fue
69%
Estoy azulado
67%
Imágenes retro
67%
Luna roja
67%
Danza rota
66%
Día común - Doble vida
66%
Un millón de años luz
66%
Pícnic en el 4° B
65%
Sueles dejarme solo
65%
Cae el sol
64%
Disco eterno
64%
Final caja negra
64%
Primavera 0
64%
Zona de promesas
64%
Afrodisiacos
63%
Ecos
63%
Paseando por Roma
63%
El tiempo es dinero
62%
No existes
61%
Juego de seducción
59%
Sin sobresaltos
59%
En camino
58%
En remolinos
58%
Ni un segundo
58%
Observándonos (Satélites)
58%
El cuerpo del delito
57%
Si no fuera por...
57%
Ángel eléctrico
56%
En el borde
55%
Toma la ruta
55%
Planta
54%
Texturas
54%
Ameba
53%
Camaleón
53%
Crema de estrellas
53%
Pasos
52%
Sweet Sahumerio
52%
X-Playo
52%
Secuencia inicial
51%
Mundo de quimeras
50%
Terapia de amor intensiva
50%
Claroscuro
48%
Moirè
47%
Efecto doppler
46%
El ritmo de tus ojos
46%
Nuestra fe
46%
Ojo de la Tormenta
44%
Planeador
44%
Génesis
43%
Coral
40%
No necesito verte (para saberlo)
37%
Superstar
37%
Sonoman
33%
Algún día
22%
No se encontraron pruebas coincidentes
Distribución de puntuación
Porcentaje de gente con cada puntuación
Porcentaje por número respondido
Historial de tus puntuaciones
No has intentado esta prueba.